| 000 | 01252nam a2200337 c 4500 | ||
|---|---|---|---|
| 003 | BLK | ||
| 005 | 20180422115744.0 | ||
| 008 | 180411b bul|||||r ||||||| ||bul|| | ||
| 010 | _aKNG00200177000 | ||
| 040 | _aBLK | ||
| 041 |
_aBUL _cBUL |
||
| 072 | 7 |
_2bullib _aА _xФонд Михаил Арнаудов |
|
| 080 |
_aФолклор (в тесен смисъл) _b398 _x(497.2-31) _z398(497.2-31) |
||
| 100 | 1 |
_aВакарелски, Христо Томов _eпърви автор _9374652 |
|
| 139 |
_aВакарелски, Христо Томов _bВ 17 |
||
| 245 | 1 | 0 |
_aНародното творчество в Самоковско _cХристо Томов Вакарелски. |
| 257 | _aBGR | ||
| 260 |
_аСофия _c1938 _fСофия : Култура |
||
| 300 |
_a15 с. _bс ил. _c21 см |
||
| 380 | _a3 | ||
| 500 | _aМека подв. | ||
| 650 | 4 |
_aНародно творчество, българско - Самоковско _9345349 |
|
| 651 | 4 |
_aСамоковско _9179477 |
|
| 653 | _aнародно творчество | ||
| 659 | _aА | ||
| 852 | _aЦб МА 1460 | ||
| 856 | 4 |
_qpdf _u |
|
| 856 | 4 |
_qpdf _u |
|
| 942 |
_cKNG _n0 |
||
| 944 |
_aCR _c08.02.2017 _kГеновева_Генчева |
||
| 944 |
_aED _c08.02.2017 _kГеновева_Генчева |
||
| 999 |
_c191025 _d191025 |
||